000 00579nam a2200193Ia 4500
999 _c34878
_d34878
001 699
003 GE_BSU
005 20221125102733.0
008 181216s2005||||ge |||||||||||||| ||geo||
040 _cGE_BSU
041 _ageo
080 _a159.9 მ–42
245 _aმაცნე. ფსიქოლოგია /
_cსაქართველოს მეცნიერება და აკადემია.
264 _aთბილისი,
_c2005.
300 _a920 გვ.
541 _h12ლ.
653 _aფსიქოლოგია
942 _cBK
_2udc